000 00299nam a22001337a 4500
008 181023b xxu||||| |||| 00| 0 eng d
020 _a9780536293657
041 _aeng
080 _a510
100 _a39
101 _aMAT
245 _aBeginning Intermediate Algebra
_cLial.h
942 _2udc
_cBK
999 _c50669
_d50669